| 000 | 01080nam a22003137a 4500 | ||
|---|---|---|---|
| 003 | CHAP | ||
| 005 | 20220329141650.0 | ||
| 008 | 971013s1994 r 10010 d | ||
| 010 | _a71853 | ||
| 011 | _a72825 | ||
| 035 | _a82381 | ||
| 040 | _cCHAP | ||
| 082 |
_a631.4063 _bS5 1994 |
||
| 111 | 0 | 0 |
_aSimposio Brasileiro sobre Microbiología do Solo ( _n3 _d: 1994 _c: Londrina) _9106224 |
| 245 | _aResumos | ||
| 260 |
_aBrasil : _bInstituto Agronómico do Paraná, _c1994 |
||
| 300 | _a161 p. | ||
| 500 | _aReuniao de Laboratórios para Recomendacao de Estirpes de Rhizobium e Bradyrhizobium (3 : 1994 : Londrina) | ||
| 590 |
_aBATCH-UPD _b10 _c20130110 _lUCH01 _h0824 |
||
| 590 |
_aBATCH-UPD _b10 _c20130410 _lUCH01 _h0502 |
||
| 590 |
_aBATCH-UPD _b10 _c20130914 _lUCH01 _h2035 |
||
| 590 |
_aCONVERSION _b10 _c20130109 _lUCH01 _h1339 |
||
| 650 | 1 | 4 |
_aSuelos _xBiología. _9110219 |
| 650 | 1 | 4 |
_aSuelos _xCongresos. _9110281 |
| 650 | 1 | 4 |
_aSuelos _xMicrobiología. _9110434 |
| 901 | _aBK | ||
| 942 | _cLIBRO | ||
| 949 |
_a631.4063 S5 1994 _bBC _cCONG _d33724000065827 _eCONG _h86720 _i82381 _si |
||
| 999 |
_c71853 _d71853 |
||